Boutiques et entreprises Harry Potter - Mort Subite - Statistiques

Statistiques générales
  • Ce quiz a été pris 100 fois
  • Le résultat moyen est 5 sur 15
Answers on the Grid
Answers color-coded by a green-red scale on the quiz's grid according to % correct below.
Barjow et Beurk
Boutique de l'apothicaire
Chaudron Baveur
Le Dragon Vert
Fleury et Bott
Gaichiffon
Gringotts
Ollivander
Camping
Obscurus Books
La Tête de Sanglier
Tissard et Brodette
Grunnings
Hôtel du Rail
Weasley, Farces pour sorciers facétieux
Le Manoir des Malefoy
BeauxBâtons
Fôret Interdite
Les Trois Ballets
La Beuglante Magique
Marais de Queerditch
Musée du Quidditch
Compagnie Nimbus
London Square
 
Statistiques - réponses
Réponse % Correct
Chaudron Baveur
67%
Ollivander
67%
Barjow et Beurk
65%
Gringotts
65%
Weasley, Farces pour sorciers facétieux
60%
La Tête de Sanglier
48%
Fleury et Bott
43%
Boutique de l'apothicaire
20%
Gaichiffon
15%
Grunnings
12%
Tissard et Brodette
10%
Obscurus Books
8%
Hôtel du Rail
5%
Le Dragon Vert
3%
Camping
2%
Aucun quiz correspondant
Distribution des résultats
% des personnes avec chaque résultat
Percentile par nombre de réponses
Votre historique - résultats
Vous n’avez pas pris ce quiz